Immunohistochemistry of vessels in renal biopsies

Elmentve itt :
Bibliográfiai részletek
Szerzők: Magori A.
Iványi Béla
Nagyné Kemény Éva Ilona
Németh András
Sonkodi Sándor
Ormos J.
Dokumentumtípus: Cikk
Megjelent: 1984
Sorozat:ACTA HISTOCHEMICA SUPPLEMENT 30 No. Suppl.
Tárgyszavak:
mtmt:1389018
Online Access:http://publicatio.bibl.u-szeged.hu/33183
LEADER 00817nab a2200253 i 4500
001 publ33183
005 20250522115535.0
008 250522s1984 hu o 000 eng d
022 |a 0567-7556 
024 7 |a 1389018  |2 mtmt 
040 |a SZTE Publicatio Repozitórium  |b hun 
041 |a eng 
100 1 |a Magori A. 
245 1 0 |a Immunohistochemistry of vessels in renal biopsies  |h [elektronikus dokumentum] /  |c  Magori A. 
260 |c 1984 
300 |a 221-225 
490 0 |a ACTA HISTOCHEMICA SUPPLEMENT  |v 30 No. Suppl. 
650 4 |a Klinikai orvostan 
700 0 1 |a Iványi Béla  |e aut 
700 0 2 |a Nagyné Kemény Éva Ilona  |e aut 
700 0 2 |a Németh András  |e aut 
700 0 2 |a Sonkodi Sándor  |e aut 
700 0 2 |a Ormos J.  |e aut 
856 4 0 |u http://publicatio.bibl.u-szeged.hu/33183/1/aok_klny_706_84.pdf  |z Dokumentum-elérés